Discrete mathematical structures / (Record no. 11611)

MARC details
000 -LEADER
fixed length control field 01207nac a22003131i 4500
003 - CONTROL NUMBER IDENTIFIER
control field EG-ScBUE
005 - DATE AND TIME OF LATEST TRANSACTION
control field 20240911130837.0
008 - FIXED-LENGTH DATA ELEMENTS--GENERAL INFORMATION
fixed length control field 090525t2009 njua f b 001 0 eng d
020 ## - INTERNATIONAL STANDARD BOOK NUMBER
International Standard Book Number 9780132078450 (pbk.)
020 ## - INTERNATIONAL STANDARD BOOK NUMBER
International Standard Book Number 0132078457 (pbk.)
040 ## - CATALOGING SOURCE
Original cataloging agency EG-ScBUE
Language of cataloging eng
Description conventions rda
Transcribing agency EG-ScBUE
Modifying agency EG-ScBUE
082 04 - DEWEY DECIMAL CLASSIFICATION NUMBER
Classification number 511.6
Item number KOL
Edition number 22
100 1# - MAIN ENTRY--PERSONAL NAME
Personal name Kolman, Bernard,
Dates associated with a name 1932-‏
Relator term author.
9 (RLIN) 5103
245 10 - TITLE STATEMENT
Title Discrete mathematical structures /
Statement of responsibility, etc Bernard Kolman, Drexel University, Robert C. Busby, Drexel University, Sharon Cutler Ross, Georgia Perimeter College.
250 ## - EDITION STATEMENT
Edition statement Sixth edition.
250 ## - EDITION STATEMENT
Edition statement Pearson International Edition.
264 #1 - PUBLICATION, DISTRIBUTION, ETC. (IMPRINT)
Place of publication, distribution, etc Upper Saddle River, NJ :
Name of publisher, distributor, etc Pearson/Prentice-Hall,
Date of publication, distribution, etc [2009]
264 #4 - PUBLICATION, DISTRIBUTION, ETC. (IMPRINT)
Date of publication, distribution, etc c2009
300 ## - PHYSICAL DESCRIPTION
Extent xii, 522, [12] pages :
Other physical details illustrations (some color) ;
Dimensions 26 cm
336 ## - CONTENT TYPE
Source rdacontent
Content type term text
Content type code txt
337 ## - MEDIA TYPE
Media type term unmediated
Source rdamedia
Media type code n
338 ## - CARRIER TYPE
Carrier type term volume
Carrier type code nc
Source rdacarrier
504 ## - BIBLIOGRAPHY, ETC. NOTE
Bibliography, etc Includes bibliographical references and index.
650 #7 - SUBJECT ADDED ENTRY--TOPICAL TERM
Topical term or geographic name as entry element Computer science
General subdivision Mathematics.
Source of heading or term BUEsh
9 (RLIN) 5104
655 ## - INDEX TERM--GENRE/FORM
Form subdivision Reading book
700 1# - ADDED ENTRY--PERSONAL NAME
9 (RLIN) 5105
Personal name Busby, Robert C.,
Relator term author.
700 1# - ADDED ENTRY--PERSONAL NAME
9 (RLIN) 5106
Personal name Ross, Sharon Cutler,
Dates associated with a name 1943-
Relator term author.
942 ## - ADDED ENTRY ELEMENTS (KOHA)
Koha item type Book - Borrowing
Source of classification or shelving scheme Dewey Decimal Classification
Holdings
Withdrawn status Lost status Source of classification or shelving scheme Damaged status Not for loan Collection code Home library Current library Shelving location Date acquired Source of acquisition Cost, normal purchase price Serial Enumeration / chronology Total Checkouts Total Renewals Full call number Barcode Date last seen Date checked out Price effective from Koha item type
    Dewey Decimal Classification     Alahram Central Library Central Library First floor 25/05/2009 Purchase 225.00 351 2 11 511.6 KOL 000016428 15/07/2025 24/10/2024 25/05/2009 Book - Borrowing